| 000 | 00617nam a22002177a 4500 | ||
|---|---|---|---|
| 003 | OSt | ||
| 005 | 20150415132337.0 | ||
| 008 | 150415b xxu||||| |||| 00| 0 eng d | ||
| 020 | _a0412336502 | ||
| 040 | _cDLC | ||
| 082 | _aWL 705 P959 1994 | ||
| 245 |
_aPsychology, pain and anaesthesia / _cEdited by H B Gibson |
||
| 260 |
_aLondon : _bChapman & Hall ; _c1994. |
||
| 300 |
_aviii, 314 p : _bill; _c26 cm |
||
| 504 | _aIncludes bibliographical references and index | ||
| 650 |
_aPsychology _931 |
||
| 650 |
_aPain _93167 |
||
| 650 |
_aAnaesthesia _9333 |
||
| 700 |
_4Editor _aGibson H B _93857 |
||
| 942 |
_2z _cSLOAN |
||
| 999 |
_c1462 _d1462 |
||